00806nam a2200229 a 450000100100000000500170001000800410002702000130006804000250008110000250010624500900013126000290022130000300025049000250028050400300030570000290033570000330036471000250039783000320042295201050045499900170055900004218920201002040009.0130905s2006 sp 000 0 spa d a97884471 aDO-SdBNPbspacBNPHU1 aGilden, Bruce96919910aBruce Gilden /cBruce Gilden ;textos Alessandra Mauro ; traducción Carmen de Celis. aMadrid :bSalvat,c2006. a48 p. + 1 Lám ;c26 cm.1 aGrandes Fotógrafos aÍndice de fotografías1 aMauro, Alessandra9671161 aCelis, Carmen deetr.9691952 aMagnum Photos967117 0aGrandes Fotógrafos967118 001050718MOaGRbGRcCTd2013-11-19iLF1l0o p42189-10r2020-06-25w2020-06-25y1ZNo se presta c41678d41678